Las buenas intenciones. (Record no. 83123)
[ view plain ]
| 000 -CABECERA | |
|---|---|
| campo de control de longitud fija | 01217ngm a2200241 a 4500 |
| 005 - FECHA Y HORA DE LA ÚLTIMA TRANSACCIÓN | |
| campo de control | 20250410063749.0 |
| 008 - ELEMENTOS DE LONGITUD FIJA--INFORMACIÓN GENERAL | |
| campo de control de longitud fija | 010704s1995 mx 028 aaspa d |
| 035 ## - NÚMERO DE CONTROL DEL SISTEMA | |
| Número de control de sistema | UPN01000109212 |
| 049 ## - COLECCIÓN | |
| Colección | AV |
| 050 #4 - SIGNATURA TOPOGRÁFICA DE LA BIBLIOTECA DEL CONGRESO | |
| Número de clasificación | PVI L 866 |
| 245 04 - MENCIÓN DE TÍTULO | |
| Título | Las buenas intenciones. |
| 260 ## - PUBLICACIÓN, DISTRIBUCIÓN, ETC. | |
| Lugar de publicación, distribución, etc. | México : |
| Nombre del editor, distribuidor, etc. | UPN : |
| -- | UNAM, TV, |
| Fecha de publicación, distribución, etc. | 1995. |
| 300 ## - DESCRIPCIÓN FÍSICA | |
| Extensión | 1 videocasete (VHS) (28 min.) : |
| Otras características físicas | son., col. |
| 440 #3 - MENCIÓN DE SERIE/ASIENTO SECUNDARIO--TÍTULO | |
| Título | El aula sin muros ; |
| Designación de volumen o secuencia | 1 |
| 501 ## - NOTA DE "CON" | |
| Nota de “Con” | Publicado con: Al filo del agua : la educación al final del porfiriato |
| 520 ## - NOTA DE RESUMEN, ETC. | |
| Sumario, etc. | En "Las buenas intenciones", se describe la situación de la educación en México a finales del siglo XIX, a través de testimonios de alumnos que aprendieron a leer y escribir con métodos tan revolucionarios como lo fueron los empleados por los maestros Rébsamen y Laubscher. En "Al filo del agua" se narra la participación de los normalistas al juicio de la Revolución, sus condiciones económicas y sociales |
| 650 #2 - ASIENTO SECUNDARIO DE MATERIA - TERMINO TEMATICO | |
| Término de materia o nombre geográfico como elemento de entrada | Educación |
| Subdivisión geográfica | México |
| Subdivisión general | Historia |
| Subdivisión cronológica | Siglo XIX |
| 9 (RLIN) | 12878 |
| 650 #2 - ASIENTO SECUNDARIO DE MATERIA - TERMINO TEMATICO | |
| Término de materia o nombre geográfico como elemento de entrada | Maestros - |
| Subdivisión geográfica | México - |
| Subdivisión general | Historia |
| 9 (RLIN) | 834 |
| 700 1# - ASIENTO SECUNDARIO--NOMBRE DE PERSONAL | |
| Nombre de persona | Rébsamen, Enrique Conrado, |
| Fechas asociadas al nombre | 1857-1904 |
| 700 1# - ASIENTO SECUNDARIO--NOMBRE DE PERSONAL | |
| Nombre de persona | Laubscher, Enrique, |
| Fechas asociadas al nombre | 1837-1900 |
| 9 (RLIN) | 28960 |
| 740 0# - ASIENTO SECUNDARIO - TÍTULOS RELACIONADOS /ANALITICOS NO CONTROLADOS | |
| Título relacionado o analítico no controlado | Al filo del agua :... |
| 905 ## - TIPO DE MATERIAL | |
| Tipo de material | Audiovisuales |
| Estado de retiro | Estado de pérdida | Fuente del sistema de clasificación o colocación | Estado dañado | No para préstamo | Código de colección | Localización permanente | Ubicación/localización actual | Ubicación en estantería | Total de préstamos | Clasificación | Código de barras | Fecha visto por última vez | Número de copia | Tipo de ítem Koha |
|---|---|---|---|---|---|---|---|---|---|---|---|---|---|---|
| Library of Congress Classification | Audiovisuales | Bib. Gregorio Torres Quintero | Bib. Gregorio Torres Quintero | Audiovisual | PVI L 866 | 179348 | 31/12/2020 | 1 | Videocasete |
